000 00634nam a2200277Ia 4500
008 210210b2012 xxu||||| |||| 00| 0 eng d
020 _a9780321735515
041 _aeng
082 _a576 MADB
100 _aMADIGAN (Michael T)
245 _aBrock biology of microorganisms: global edition Ed 13
250 _a
260 _aBoston
_bPearson
_c2012
300 _a1150
650 _aof
650 _amicroorganisms:
650 _aglobal
650 _aedition
650 _aEd
650 _aBrock
650 _abiology
650 _a13
690 _aMicrobiology
700 _aMARTINKO (John M)
906 _a066162
999 _c146579
_d146579